Gwen & Art se nemají v lásce
Saved in:
| Main Author | |
|---|---|
| Format | Electronic eBook |
| Language | Czech |
| Published |
Yoli
2025
|
| Edition | 1. elektronické vydání |
| Subjects | |
| Online Access | Dostupné v BOOKPORT po přihlášení pomocí eduID |
| ISBN | 978-80-284-0552-6 978-80-284-0551-9 |
| Physical Description | 1 online zdroj (400 stran) |
Cover
| LEADER | 00000nam a2200000 i 4500 | ||
|---|---|---|---|
| 001 | bkp597636326 | ||
| 003 | CZ-prgp | ||
| 005 | 20260505113538.0 | ||
| 006 | m o d | ||
| 007 | cr cn | ||
| 008 | 260505s2025 xr o 000 1 cze | ||
| 020 | |a 978-80-284-0552-6 |c 319 Kč |q (online ; epub) | ||
| 020 | |a 978-80-284-0551-9 |c 319 Kč |q (print) | ||
| 040 | |a Grada |b cze |e rda | ||
| 100 | 1 | |a Lex, Croucher | |
| 245 | 1 | 0 | |a Gwen & Art se nemají v lásce |c Croucher Lex |
| 250 | |a 1. elektronické vydání | ||
| 264 | 1 | |b Yoli |c 2025 | |
| 300 | |a 1 online zdroj (400 stran) | ||
| 336 | |a text |b txt |2 rdacontent | ||
| 337 | |a počítač |b c |2 rdamedia | ||
| 338 | |a online zdroj |b cr |2 rdacarrier | ||
| 520 | 3 | |a Už jsou to stovky let od doby vlády krále Artuše, ale jeho praprapravnuk Art musí kráčet v jeho stopách, z čehož nemá radost. Navíc je již od dětství zasnoubený s princeznou Gwen, se kterou je nucen strávit celé léto na Kamelotu. A je to bezesporu katastrofa. Neuplyne ani den a Gwen nachytá Arta s jiným mužem. Naopak Art z jejího deníku zjistí, že se Gwen zakoukala do lady Bridget Leclairové. Díky tomu zjišťují, že toho mají společného mnohem víc než jen to, že se nemají v lásce... YA queer komedie o lásce, přátelství a odvaze změnit nejen svůj život, ale i historii. Doporučený věk 13+ | |
| 650 | 0 | 4 | |a Young Adult, New Adult |
| 650 | 0 | 4 | |a Beletrie pro děti |
| 856 | 4 | 0 | |u https://www.bookport.cz/AccountSaml/SignIn/?idp=https://shibboleth.utb.cz/idp/shibboleth&returnUrl=/kniha/gwen-art-se-nemaji-v-lasce-16030/ |y Dostupné v BOOKPORT po přihlášení pomocí eduID |